00449 2200169 4500001002100000008004100021035002000062082000800082084001400090100001900104245007100123250000600194260004200200300001200242650001300254990001200267INLIS000000000000744 ind  a0010-0424000720 a510 a510 EDD m aHermanto, Eddy aSoal dan Pemahaman OSK Matematika Tahun 2002 - 2017cEddy Hermanto a1 aJakarta :bBina Prestasi Insanic2018 a258 hlm aNonfiksi a0739635